[Event "POL-chT 2nd League"]
[Site "Jastrzebia Gora"]
[Date "2023.09.08"]
[Round "7.63"]
[White "Markowski, Damian"]
[Black "Budzisz, Adrian"]
[Result "1/2-1/2"]
[WhiteElo "2098"]
[BlackElo "2084"]
[PlyCount "159"]
[EventDate "2023.09.02"]
[EventType "team-swiss"]
[EventRounds "9"]
[EventCountry "POL"]
[SourceTitle "EXT 2024"]
[Source "ChessBase"]
[SourceDate "2023.10.10"]
[SourceVersion "1"]
[SourceVersionDate "2023.10.10"]
[SourceQuality "1"]
[WhiteTeam "Warszawa YMCA"]
[BlackTeam "Nysa Gekon"]
[WhiteTeamCountry "POL"]
[BlackTeamCountry "POL"]

1. e4 e6 2. d4 d5 3. Nc3 Bb4 4. exd5 exd5 5. Bd3 Nf6 6. Nge2 Bg4 7. 0-0 Nbd7 8. f3 Be6 9. a3 Be7 10. Ng3 c5 11. Bf4 c4 12. Bf5 Qb6 13. Re1 g6 14. Bxe6 fxe6 15. Qd2 Kf7 16. Nd1 h5 17. Nf2 h4 18. Nf1 Rae8 19. Kh1 Nh5 20. Nh3 Nxf4 21. Qxf4+ Kg7 22. Qg4 Nf6 23. Qf4 Nh5 24. Qd2 Bd6 25. c3 Qc7 26. Re2 Nf4 27. Nxf4 Bxf4 28. Qe1 h3 29. g3 Bd6 30. f4 g5 31. fxg5 Rhf8 32. Rf2 Rxf2 33. Qxf2 Rf8 34. Qe2 Qf7 35. Kg1 Be7 36. Nd2 Qg6 37. Re1 Bxg5 38. Nf3 Bh6 39. Ne5 Qf5 40. a4 Bg5 41. Ng4 Qf3 42. Qxf3 Rxf3 43. Rxe6 Rd3 44. Kf2 Rd2+ 45. Re2 Rd1 46. Kf3 Rb1 47. Nf2 Kf7 48. Nxh3 Bc1 49. Re1 Ra1 50. Nf4 Bxb2 51. Rxa1 Bxa1 52. Nxd5 Ke6 53. Ke4 Bb2 54. h4 a6 55. h5 Kf7 56. Nb6 Bxc3 57. Nxc4 Kf6 58. Nd6 b6 59. Kd3 Bb4 60. Nc8 b5 61. axb5 axb5 62. Na7 Kg5 63. g4 Bf8 64. Nxb5 Kxg4 65. Ke4 Kxh5 66. Kf5 Kh6 67. Nc7 Bd6 68. Ne8 Bb8 69. Kf6 Kh7 70. d5 Kg8 71. Ke7 Bh2 72. Nf6+ Kg7 73. Ng4 Bb8 74. Ne3 Kg6 75. Ke6 Kg7 76. Nf5+ Kf8 77. Nd6 Bc7 78. Kd7 Bb8 79. Ne4 Bf4 80. Nc5 1/2-1/2

[Event "Warsaw Najdorf Memorial op-A"]
[Site "Warsaw"]
[Date "2023.07.17"]
[Round "7"]
[White "Budzisz, Adrian"]
[Black "Praczukowski, Stanislaw"]
[Result "0-1"]
[WhiteElo "2037"]
[BlackElo "2147"]
[PlyCount "142"]
[EventDate "2023.07.11"]
[EventType "swiss"]
[EventRounds "9"]
[EventCountry "POL"]
[SourceTitle "EXT 2024"]
[Source "ChessBase"]
[SourceDate "2023.10.10"]
[SourceVersion "1"]
[SourceVersionDate "2023.10.10"]
[SourceQuality "1"]

1. e4 c6 2. d4 d5 3. e5 Bf5 4. Nd2 e6 5. Nb3 a6 6. Be3 Nd7 7. f4 Ne7 8. Ne2 h5 9. h3 Bg6 10. g3 Qc7 11. Rc1 Be4 12. Rg1 Nf5 13. Bf2 c5 14. c3 c4 15. Nd2 Bd3 16. g4 hxg4 17. hxg4 Nh4 18. f5 Be7 19. Bg3 Bxe2 20. Kxe2 Bg5 21. Rc2 exf5 22. Nf3 Nxf3 23. Kxf3 f4 24. Qc1 Nf8 25. Bxf4 Bxf4 26. Qxf4 Ne6 27. Qf5 0-0-0 28. Rf2 Kb8 29. Ke3 Qb6 30. g5 Rh4 31. Rg4 g6 32. Qf3 Nxg5 33. Rxg5 Re4+ 34. Qxe4 dxe4 35. Bg2 Rh8 36. Kxe4 Qd8 37. Rf6 Rh4+ 38. Kf3 Rh5 39. Rxh5 gxh5 40. Kf2 Qg8 41. Bd5 h4 42. Rxf7 Qg3+ 43. Kf1 Qg5 44. Ke2 Qh5+ 45. Kf2 h3 46. Rxb7+ Kc8 47. Rb4 h2 48. Rxc4+ Kd8 49. Rb4 h1Q 50. Bxh1 Qxh1 51. Ke3 Kd7 52. d5 Qg1+ 53. Kf4 a5 54. e6+ Kd6 55. Re4 Qh2+ 56. Ke3 Ke7 57. c4 Qg1+ 58. Kd3 Qd1+ 59. Ke3 a4 60. a3 Qg1+ 61. Kd3 Qb6 62. Kc2 Qb3+ 63. Kc1 Qd3 64. d6+ Qxd6 65. Re3 Qf4 66. Kd2 Qd4+ 67. Ke2 Qxb2+ 68. Kf3 Qd4 69. Ke2 Qxc4+ 70. Kf3 Qc2 71. Re2 Qf5+ 0-1

[Event "Warsaw Maciei Memorial"]
[Site "Warsaw"]
[Date "2023.07.10"]
[Round "9"]
[White "Budzisz, Adrian"]
[Black "Wieckowski, Kamil"]
[Result "1-0"]
[WhiteElo "2037"]
[BlackElo "1384"]
[PlyCount "62"]
[EventDate "2023.07.10"]
[EventType "swiss (blitz)"]
[EventRounds "11"]
[EventCountry "POL"]
[SourceTitle "CBM 215 Extra"]
[Source "ChessBase"]
[SourceDate "2023.09.30"]
[SourceVersion "1"]
[SourceVersionDate "2023.09.30"]
[SourceQuality "1"]

1. e4 c5 2. Nf3 e6 3. g3 Nc6 4. Bg2 b6 5. d4 cxd4 6. Nxd4 Bb7 7. 0-0 Bc5 8. Be3 Nf6 9. e5 Nxd4 10. Bxb7 Rb8 11. exf6 Qxf6 12. Bg2 Nf5 13. Bc1 0-0 14. Nd2 d5 15. Nb3 Bd6 16. c3 Rbc8 17. a4 Rc4 18. a5 b5 19. a6 Rfc8 20. Qd3 b4 21. Na5 R4c7 22. Bd2 bxc3 23. Bxc3 d4 24. Bd2 Qe5 25. Bf4 Qf6 26. Bxd6 Nxd6 27. Bb7 Rd8 28. Rac1 Rxc1 29. Rxc1 e5 30. Nc6 Re8 31. Re1 Qg5 1-0

[Event "Malopolska-ch"]
[Site "Krakow"]
[Date "2023.06.10"]
[Round "6"]
[White "Budzisz, Adrian"]
[Black "Barwinska, Ewa"]
[Result "0-1"]
[WhiteElo "2049"]
[BlackElo "1953"]
[PlyCount "70"]
[EventDate "2023.06.08"]
[EventType "swiss"]
[EventRounds "7"]
[EventCountry "POL"]
[SourceTitle "CBM 214 Extra"]
[Source "ChessBase"]
[SourceDate "2023.07.31"]
[SourceVersion "1"]
[SourceVersionDate "2023.07.31"]
[SourceQuality "1"]

1. d4 Nf6 2. c4 e6 3. Nf3 c5 4. d5 b5 5. dxe6 fxe6 6. cxb5 d5 7. e3 Bd6 8. Nc3 Bb7 9. e4 dxe4 10. Ng5 Bd5 11. Qa4 Nbd7 12. Ngxe4 Nxe4 13. Nxe4 Be5 14. Be2 0-0 15. Bf3 Bd4 16. Qc2 Ne5 17. Rg1 c4 18. Ke2 Nd3 19. Rf1 Qc7 20. Be3 Bxb2 21. Rab1 Qe5 22. Rxb2 Nxb2 23. Qc3 Qxc3 24. Nxc3 Bxf3+ 25. gxf3 Nd3 26. Rb1 Ne5 27. a4 Nxf3 28. a5 e5 29. Bc5 Nd4+ 30. Kf1 Rf3 31. Ne4 Rb3 32. Rxb3 cxb3 33. b6 axb6 34. axb6 b2 35. Nc3 Ra1+ 0-1

[Event "POL-ch U18"]
[Site "Jastrzebia Gora"]
[Date "2023.??.??"]
[Round "7"]
[White "Budzisz, Adrian"]
[Black "Karut, Kacper"]
[Result "1/2-1/2"]
[WhiteElo "2069"]
[BlackElo "1904"]
[PlyCount "95"]
[EventDate "2023.03.11"]
[EventType "swiss"]
[EventRounds "9"]
[EventCountry "POL"]
[SourceTitle "CBM 213 Extra"]
[Source "ChessBase"]
[SourceDate "2023.05.31"]
[SourceVersion "1"]
[SourceVersionDate "2023.05.31"]
[SourceQuality "1"]

1. d4 d5 2. Nf3 Nf6 3. c4 e6 4. Nc3 Be7 5. e3 0-0 6. Bd3 Nbd7 7. 0-0 b6 8. Ne5 Bb7 9. f4 dxc4 10. Bxc4 c5 11. Nxf7 Kxf7 12. f5 Kg8 13. fxe6 Nb8 14. d5 Ba6 15. Bxa6 Nxa6 16. e4 Nb4 17. a3 Nxe4 18. Rxf8+ Bxf8 19. Nxe4 Nxd5 20. Ng5 Qd6 21. Qe2 Re8 22. Qh5 Nf6 23. Qf7+ Kh8 24. Be3 Qb8 25. Rf1 Re7 26. Rxf6 Rxf7 27. Rxf7 h6 28. Ne4 Qe8 29. Bxh6 gxh6 30. Rh7+ Kxh7 31. Nf6+ Kg6 32. Nxe8 Kf5 33. Nc7 Kf6 34. g4 Bd6 35. Ne8+ Ke7 36. Nxd6 Kxd6 37. Kf2 Kxe6 38. Ke3 Ke5 39. h4 a6 40. g5 hxg5 41. hxg5 Kf5 42. g6 Kxg6 43. Ke4 c4 44. Kd5 Kf5 45. Kc6 Ke4 46. Kxb6 Kd3 47. Kc5 Kc2 48. Kxc4 1/2-1/2

[Event "POL-ch blitz"]
[Site "Suwalki"]
[Date "2022.09.24"]
[Round "9"]
[White "Budzisz, Adrian"]
[Black "Sliwicki, Damian"]
[Result "1-0"]
[WhiteElo "2118"]
[BlackElo "2140"]
[PlyCount "71"]
[EventDate "2022.09.24"]
[EventType "swiss (blitz)"]
[EventRounds "15"]
[EventCountry "POL"]
[SourceTitle "CBM 210 Extra"]
[Source "ChessBase"]
[SourceDate "2022.11.30"]
[SourceVersion "1"]
[SourceVersionDate "2022.11.30"]
[SourceQuality "1"]

1. e4 c5 2. Nf3 g6 3. c4 Nc6 4. d4 cxd4 5. Nxd4 Nf6 6. Nc3 Nxd4 7. Qxd4 d6 8. Be3 Bg7 9. h3 0-0 10. Qd3 Qa5 11. 0-0-0 Be6 12. Kb1 Rfc8 13. Nd5 Nxe4 14. Qxe4 Qd8 15. g4 b5 16. cxb5 Qa5 17. Be2 Rab8 18. Rc1 Re8 19. a4 Bxd5 20. Qxd5 Qxa4 21. Rhd1 Qa5 22. Qa2 Qd8 23. Qa6 Qd7 24. Bc4 Rec8 25. Ka2 Bf8 26. Bxa7 Ra8 27. b6 e6 28. Bb5 Qe7 29. Rxc8 Rxc8 30. Qxc8 d5 31. b7 Qb4 32. Qxf8+ Kxf8 33. b8Q+ Kg7 34. Bd4+ Kh6 35. Qf4+ g5 36. Qf6# 1-0

[Event "POL-ch blitz"]
[Site "Suwalki"]
[Date "2022.09.24"]
[Round "5"]
[White "Budzisz, Adrian"]
[Black "Socko, Bartosz"]
[Result "0-1"]
[WhiteElo "2118"]
[BlackElo "2630"]
[PlyCount "36"]
[EventDate "2022.09.24"]
[EventType "swiss (blitz)"]
[EventRounds "15"]
[EventCountry "POL"]
[SourceTitle "CBM 210 Extra"]
[Source "ChessBase"]
[SourceDate "2022.11.30"]
[SourceVersion "1"]
[SourceVersionDate "2022.11.30"]
[SourceQuality "1"]

1. e4 e6 2. d4 d5 3. Bd3 dxe4 4. Bxe4 Nf6 5. Bf3 Bd6 6. Ne2 Nbd7 7. 0-0 e5 8. Ng3 0-0 9. Nc3 exd4 10. Qxd4 Ne5 11. Bd5 Nxd5 12. Qxd5 c6 13. Qb3 Be6 14. Qxb7 Qa5 15. Bd2 Rab8 16. Nce4 Qa4 17. b3 Qa3 18. Bc1 Rxb7 0-1

[Event "POL-ch blitz"]
[Site "Suwalki"]
[Date "2022.09.24"]
[Round "12"]
[White "Zochowski, Kacper"]
[Black "Budzisz, Adrian"]
[Result "1-0"]
[WhiteElo "2257"]
[BlackElo "2118"]
[PlyCount "71"]
[EventDate "2022.09.24"]
[EventType "swiss (blitz)"]
[EventRounds "15"]
[EventCountry "POL"]
[SourceTitle "CBM 210 Extra"]
[Source "ChessBase"]
[SourceDate "2022.11.30"]
[SourceVersion "1"]
[SourceVersionDate "2022.11.30"]
[SourceQuality "1"]

1. Nf3 Nf6 2. c4 c6 3. g3 d5 4. b3 e6 5. Bg2 Bd6 6. 0-0 0-0 7. Bb2 Nbd7 8. d3 Re8 9. Nc3 a6 10. Qc2 e5 11. cxd5 cxd5 12. e3 b5 13. Rac1 Bb7 14. Rfd1 Qa5 15. Qb1 Rac8 16. Qa1 h6 17. Ne2 b4 18. Rxc8 Bxc8 19. d4 e4 20. Ne5 Bxe5 21. dxe5 Ng4 22. Nf4 Bb7 23. e6 fxe6 24. Bxg7 e5 25. Nh5 Re7 26. h3 Rxg7 27. Nxg7 Nxf2 28. Kxf2 Kxg7 29. Qb2 Kf6 30. Kg1 Nc5 31. Rf1+ Ke6 32. Qf2 Kd6 33. Qf7 Bc8 34. Qf8+ Kd7 35. Rf7+ Ke6 36. Qe7# 1-0

[Event "Pardubice Czech op-A 33rd"]
[Site "Pardubice"]
[Date "2022.07.22"]
[Round "1"]
[White "Hollan, Martin"]
[Black "Budzisz, Adrian"]
[Result "1-0"]
[WhiteElo "2399"]
[BlackElo "2152"]
[PlyCount "89"]
[EventDate "2022.07.22"]
[EventType "swiss"]
[EventRounds "9"]
[EventCountry "CZE"]
[SourceTitle "CBM 209 Extra"]
[Source "ChessBase"]
[SourceDate "2022.09.30"]
[SourceVersion "1"]
[SourceVersionDate "2022.09.30"]
[SourceQuality "1"]

1. e4 e6 2. d4 d5 3. Bd3 dxe4 4. Bxe4 Nf6 5. Bf3 Be7 6. Ne2 0-0 7. 0-0 Nbd7 8. Bf4 c5 9. c3 cxd4 10. cxd4 Nb6 11. Nbc3 Nbd5 12. Be5 Bd7 13. Bxf6 Nxf6 14. Qb3 Rb8 15. Rfd1 Bd6 16. Ng3 Qe7 17. Re1 Rfd8 18. Rad1 Bxg3 19. hxg3 Qd6 20. d5 e5 21. a3 g5 22. Qb4 Qxb4 23. axb4 g4 24. Be2 Ne8 25. Ne4 f5 26. Nc5 Nd6 27. f3 gxf3 28. gxf3 b6 29. Ne6 Re8 30. Ra1 Bxe6 31. dxe6 Re7 32. Red1 Ne8 33. Rd5 Kg7 34. Rxe5 Kf6 35. f4 Rd8 36. Bb5 Ng7 37. Bc4 Rd4 38. b3 h5 39. Kf2 Rd2+ 40. Ke3 Rd6 41. Re1 Nxe6 42. Kf2 Rd2+ 43. Kf1 Rd6 44. b5 Re8 45. Kg2 1-0

[Event "POL-ch U18"]
[Site "Sypniewo"]
[Date "2022.03.22"]
[Round "4"]
[White "Poltorak, Sebastian"]
[Black "Budzisz, Adrian"]
[Result "1/2-1/2"]
[WhiteElo "2303"]
[BlackElo "2064"]
[PlyCount "66"]
[EventDate "2022.03.19"]
[EventType "swiss"]
[EventRounds "9"]
[EventCountry "POL"]
[SourceTitle "CBM 207 Extra"]
[Source "ChessBase"]
[SourceDate "2022.05.31"]
[SourceVersion "1"]
[SourceVersionDate "2022.05.31"]
[SourceQuality "1"]

1. d4 Nf6 2. c4 e6 3. Nc3 Bb4 4. Nf3 0-0 5. Bg5 c5 6. Rc1 h6 7. Bh4 cxd4 8. Nxd4 Nc6 9. e3 Be7 10. Be2 d5 11. cxd5 Nxd4 12. Qxd4 Nxd5 13. Bxe7 Nxe7 14. Nb5 Bd7 15. Rc7 Nd5 16. Rxb7 Bc6 17. Rxa7 Qg5 18. Rg1 Bxb5 19. Bxb5 Nxe3 20. fxe3 Qxb5 21. a4 Qc6 22. Rxa8 Rd8 23. Rb8 Rxb8 24. Qd2 Ra8 25. Kf2 Rxa4 26. Qd6 Rc4 27. Qd8+ Kh7 28. Qd3+ f5 29. Rd1 Rc2+ 30. Rd2 Rc1 31. Rd1 Qc2+ 32. Qxc2 Rxc2+ 33. Kf1 Rxb2 1/2-1/2

[Event "Krakow op-B 32nd"]
[Site "Krakow"]
[Date "2022.01.02"]
[Round "6"]
[White "Budzisz, Adrian"]
[Black "Trybus, Daniel"]
[Result "1-0"]
[WhiteElo "1985"]
[BlackElo "2067"]
[PlyCount "45"]
[EventDate "2021.12.27"]
[EventType "swiss"]
[EventRounds "9"]
[EventCountry "POL"]
[SourceTitle "EXT 2023"]
[Source "ChessBase"]
[SourceDate "2022.10.05"]
[SourceVersion "1"]
[SourceVersionDate "2022.10.05"]
[SourceQuality "1"]

1. e4 c5 2. Nc3 d6 3. d4 cxd4 4. Qxd4 Nc6 5. Qd2 g6 6. b3 Bh6 7. f4 Nf6 8. Bb2 e5 9. g3 Nh5 10. Nd5 0-0 11. Be2 Ng7 12. Nf3 Ne6 13. h4 Nc5 14. Qe3 Nxe4 15. Qxe4 Bf5 16. Qe3 Qa5+ 17. Qd2 Qd8 18. h5 Bg7 19. hxg6 hxg6 20. Ng5 exf4 21. Bxg7 Qxg5 22. Bf6 Qxg3+ 23. Kd1 1-0

[Event "Krakow op-B 32nd"]
[Site "Krakow"]
[Date "2022.01.02"]
[Round "7"]
[White "Janus, Przemyslaw"]
[Black "Budzisz, Adrian"]
[Result "1-0"]
[WhiteElo "2001"]
[BlackElo "1985"]
[PlyCount "73"]
[EventDate "2021.12.27"]
[EventType "swiss"]
[EventRounds "9"]
[EventCountry "POL"]
[SourceTitle "EXT 2023"]
[Source "ChessBase"]
[SourceDate "2022.10.05"]
[SourceVersion "1"]
[SourceVersionDate "2022.10.05"]
[SourceQuality "1"]

1. d4 Nf6 2. c4 g6 3. Nc3 Bg7 4. e4 d6 5. f3 0-0 6. Be3 c6 7. Qd2 Qa5 8. Bd3 a6 9. Nge2 b5 10. 0-0 e5 11. d5 bxc4 12. Bxc4 c5 13. a3 Qc7 14. Rfc1 Nbd7 15. Na4 Rd8 16. b4 Bf8 17. Rc2 Nb6 18. Nxb6 Qxb6 19. Nc1 Bd7 20. Nd3 Ba4 21. Rb2 Qc7 22. bxc5 dxc5 23. Rab1 Nd7 24. Rb7 Qd6 25. Nb2 Nb6 26. Nxa4 Nxc4 27. Qc3 Nxe3 28. Qxe3 c4 29. Nb6 c3 30. Nxa8 Qxa3 31. Qd3 Rc8 32. Qc2 Rc4 33. R7b3 Bc5+ 34. Kf1 Qa5 35. Nb6 Bxb6 36. Rxb6 Rd4 37. R6b3 1-0